000 00943cab a2200241 4500
001 ABS46307
008 090401t1992 xxu||||| |||| 00| 0 eng d
035 _a(Sirsi) u57705
041 _aeng
245 _aAlternative land use
260 _c1992
350 _a0
490 _aFarm Development Review
_v6(6) April 1992, (8) (LOAN)
520 _aCovers the promotion of goat farming, the British Quality Wine Scheme, a central booking system for farm holiday accommodation, a European standard for the measurement of Christmas trees and association of Christmas tree producers, the viability of charcoal production, and Hertfordshire CC`s policy document the management of the countryside.
650 _aBRITISH QUALITY WINE SCHEME
650 _aCHARCOAL PRODUCTION
650 _aCHRISTMAS TREES
650 _aFARM DIVERSIFICATION
650 _aHERTFORDSHIRE CC
690 _aRURAL PRACTICE
942 _n0
948 _c04/03/1997
999 _c35215
_d35215